000 00573nam a2200181Ia 4500
003 GCL
008 140319s9999 xx 000 0 ara d
040 _aGCL /
_cGCL
082 0 4 _a229
_bح ك
100 1 _aالحامد محمد عثمان بن ابى شينه
245 1 0 _aكتاب العرش وما روى فيه /
_cالحامد محمد عثمان بن ابى شينه
700 1 _aابوعبدالله محمد بن حمد
260 _a[S.N] :
_bمكتبه السنه ،
_c1990
300 _a111 ص
490 _a
650 0 4 _aالقران
942 _2ddc
_cBK
999 _c53312
_d53312